[Event "88th UKR-ch 2019"]
[Site "Lutsk"]
[Date "2019.12.18"]
[Round "8.2"]
[White "Shtembuliak, Evgeny"]
[Black "Kryvoruchko, Yuriy"]
[Result "1/2-1/2"]
[WhiteElo "2600"]
[BlackElo "2675"]
[Annotator "TA"]
[PlyCount "38"]
[EventDate "2019.12.10"]
[EventType "tourn"]
[EventCountry "UKR"]
[SourceTitle "playchess.com"]
[Source "ChessBase"]
[SourceQuality "1"]

{[%evp 13,38,0,0,0,0,0,0,0,0,0,0,0,0,11,8,0,0,-17,0,0,0,0,0,0,0,0,-409]} 1. d4 $146 Nf6 2. c4 e6 3. Nc3 Bb4 4. Qc2 O-O 5. e4 d5 6. e5 Ne4 7. Bd3 c5 {The position is equal.} 8. Nf3 {E32: Nimzo-Indian: Classical (4 Qc2): 4...0-0} cxd4 9. Nxd4 Nd7 10. Bf4 Qh4 11. g3 Qh5 12. O-O Bxc3 13. bxc3 g5 14. Bc1 Nxe5 15. Be2 Qh3 16. cxd5 exd5 17. f3 {[#]} Nxg3 $1 {[%mdl 512]} 18. hxg3 Qxg3+ 19. Kh1 Qh3+ $2 {[%mdl 40960] An unexpected result.} (19... Qh4+ $11 20. Kg1 Qg3+ 21. Kh1 Qh3+ 22. Kg1 ({Predecessor:} 22. Kg1) 22... Qg3+) 1/2-1/2

[Event "88th UKR-ch 2019"]
[Site "Lutsk"]
[Date "2019.12.18"]
[Round "8.3"]
[White "Kovchan, Alexander"]
[Black "Eljanov, Pavel"]
[Result "1/2-1/2"]
[WhiteElo "2572"]
[BlackElo "2663"]
[Annotator "TA"]
[PlyCount "37"]
[EventDate "2019.12.10"]
[EventType "tourn"]
[EventCountry "UKR"]
[SourceTitle "playchess.com"]
[Source "ChessBase"]
[SourceQuality "1"]

{[%evp 18,25,21,21,21,18,15,21,18,12]} 1. e4 e5 2. Nf3 Nc6 3. Bb5 Nf6 4. O-O Nxe4 5. Re1 Nd6 6. Nxe5 Be7 7. Bf1 Nxe5 8. Rxe5 O-O 9. d4 Bf6 10. Re1 {The position is equal.} Re8 {C67: Ruy Lopez: Berlin Defence: 4 0-0 Nxe4} 11. c3 Rxe1 12. Qxe1 Ne8 (12... Qe8 13. Qxe8+ Nxe8 14. Bf4 d5 15. Nd2 Be7 16. Re1 Kf8 17. Bd3 Bd6 18. Bxd6+ Nxd6 {½-½ (25) Mamedyarov,S (2767)-Radjabov,T (2758) Khanty-Mansiysk 2019}) 13. Nd2 {[#]} {Predecessor:} d5 $146 14. Nf3 Bf5 15. Bf4 Nd6 16. Qe3 c6 17. Re1 Ne4 18. Nd2 Nxd2 19. Qxd2 {½-½ (31) Zhou,W (2591)-Wen,Y (2585) China 2018} 1/2-1/2

[Event "88th UKR-ch 2019"]
[Site "Lutsk"]
[Date "2019.12.18"]
[Round "8.4"]
[White "Kuzubov, Yuriy"]
[Black "Bernadskiy, Vitaliy"]
[Result "1-0"]
[WhiteElo "2667"]
[BlackElo "2593"]
[Annotator "TA"]
[PlyCount "109"]
[EventDate "2019.12.10"]
[EventType "tourn"]
[EventCountry "UKR"]
[SourceTitle "playchess.com"]
[Source "ChessBase"]
[SourceQuality "1"]

{[%evp 11,109,114,108,75,73,104,108,58,62,40,113,8,44,12,14,0,14,0,0,0,0,0,62,20,93,50,86,54,77,0,0,0,0,-80,-25,-41,-34,-79,-78,-78,-54,-64,-58,-48,9,-4,-10,-11,-13,-4,-5,-39,-41,-65,-57,-126,-135,-127,-122,-117,26,22,21,18,85,98,258,265,256,256,247,261,260,249,244,255,239,212,227,218,217,214,477,252,480,251,255,198,465,456,469,464,733,727,719,714,29985,29986,29982,29982]} 1. d4 e6 2. c4 b6 3. e4 Bb7 4. Bd3 f5 5. exf5 Bb4+ 6. Kf1 Nf6 7. Ne2 {A40: Unusual replies to 1 d4} Nc6 $146 ({Predecessor:} 7... O-O 8. c5 bxc5 {½-½ (8) Stern,R (2483)-Khenkin,I (2620) Bonn 2011}) 8. a3 Bd6 9. Nbc3 {White is better.} O-O 10. f3 exf5 (10... Ne7 $14) 11. Nb5 (11. Bxf5 $16 {With the idea c5!} Nh5 12. Qd3) 11... Nh5 $11 12. Nxd6 (12. c5 $5 Be7 13. b4 $11) 12... cxd6 13. d5 Ne5 14. Ng3 Qh4 15. Nxh5 $1 (15. Nxf5 $2 Rxf5 $1 {[%mdl 512]} 16. Bxf5 Ng3+ $1 {[%mdl 512]} 17. Kg1 Nxf5 $19) 15... Qxh5 16. Be2 Rae8 (16... Qh4 $11) 17. Qd4 Re7 (17... Ba6 $11 18. b3 b5) 18. Bd2 Rfe8 19. Re1 f4 20. a4 (20. Bxf4 Nxf3 21. Qf2 Re4 $11) ({White should play} 20. Qxf4 $16 b5 21. cxb5) 20... Qh4 21. Qf2 Qf6 22. Bc3 (22. b3 $11) 22... Qf5 (22... Ba6 $1 $17 23. Qd4 Nxc4 $1 {[%mdl 512]} 24. Qxf6 Nd2+ 25. Bxd2 Rxe2 26. Rxe2 gxf6) 23. Qd4 Ba6 24. Rc1 Qg6 $1 25. Qxf4 Rf7 26. Qg3 $1 {[%cal Rg3g6] Black must now prevent Qxg6.} Ng4 {[%mdl 1024] Black has compensation.} 27. Re1 Ne3+ (27... Rfe7 $15 28. Qxg4 Qxg4 29. fxg4 Rxe2 30. Rxe2 Bxc4 {[%mdl 64] Double Attack, Pin}) 28. Kf2 $132 {[%mdl 2048] White is not keeping still} Qc2 29. Kg1 {Black should prevent Bf1.} Rfe7 {And now ...Nf5! would win.} 30. Bf1 $1 Nf5 31. Rxe7 (31. Qf2 $5 {[%cal Rf2c2]} Rxe1 32. Qxc2 Rxf1+ {[%mdl 64] Decoy} 33. Kxf1 Ne3+ {[%mdl 64] Double Attack} 34. Kf2 Nxc2 35. Rc1 $11) 31... Rxe7 32. Qf2 Qxa4 33. g4 ({White should try} 33. b4 $1 $15) 33... Ne3 $17 34. Qh4 {[#]} Qd1 $1 {[%csl Ge3][%cal Rd1f1][%mdl 576] Double Attack} 35. Kf2 {[#]} Qc2+ (35... Rf7 $1 $17 {[%mdl 512]} 36. Qh3 (36. Bg2 $2 Qc2+ 37. Kxe3 Qxg2 $19 {[%mdl 64] Double Attack}) 36... Nxc4 37. Bxc4 Qc2+ 38. Kg3 Bxc4) 36. Kg3 $11 Kf7 $1 37. Qh5+ Kf8 (37... Qg6 $11) 38. Qg5 $16 Bxc4 $2 {[#]} (38... Qd1 $16 39. Bxg7+ Rxg7 40. Qxe3 Bxc4) 39. Bxg7+ $1 $18 {[%mdl 512]} Rxg7 40. Qd8+ $1 ({And not} 40. Qxe3 Bxd5 41. Qd4 Qc5 $11) 40... Kf7 41. Qxd7+ {[%mdl 64] Double Attack} Kf8 42. Qc8+ Ke7 {Threatens to win with ...Nf5+.} 43. Qe6+ $1 Kf8 44. Qxe3 Bxd5 {[#]} 45. Qf4+ $1 Kg8 46. Qxd6 Qb3 $2 (46... Qc7 {was worth a try.} 47. Qxc7 Rxc7) 47. Qd8+ Kf7 48. Qd7+ (48. Be2 $142 Be6 49. Rc1 Rxg4+ 50. Kf2) 48... Kf8 {[#]} 49. Qc8+ $1 ({But not} 49. Qd8+ Kf7 $18) 49... Kf7 $2 (49... Ke7 {keeps fighting.} 50. Bg2 Qe3) 50. Be2 {Hoping for Rc1.} Be6 51. Qc7+ Kf6 (51... Kf8 $142 52. Qd8+ Kf7) 52. Qf4+ Ke7 53. Re1 {Bc4! is the strong threat.} Bxg4 54. Bc4+ {[%mdl 64] Discovered Attack} Be6+ {[#]} 55. Kh4 $1 {[%mdl 512] Accuracy: White = 51%, Black = 44%.} 1-0

[Event "88th UKR-ch 2019"]
[Site "Lutsk"]
[Date "2019.12.18"]
[Round "8.5"]
[White "Moiseenko, Alexander"]
[Black "Vysochin, Spartak"]
[Result "1-0"]
[WhiteElo "2623"]
[BlackElo "2512"]
[Annotator "TA"]
[PlyCount "85"]
[EventDate "2019.12.10"]
[EventType "tourn"]
[EventCountry "UKR"]
[SourceTitle "playchess.com"]
[Source "ChessBase"]
[SourceQuality "1"]

{[%evp 9,85,0,1,0,14,20,26,20,5,7,13,0,33,34,35,27,35,28,42,25,87,77,77,79,103,95,114,95,102,114,146,143,125,127,162,154,141,144,159,96,85,54,89,110,91,70,229,242,244,255,264,241,253,166,249,106,264,177,213,218,216,218,210,218,218,218,218,218,253,203,210,202,1501,1479,1155,1104,887,877]} 1. d4 d5 2. c4 c6 3. Nc3 dxc4 4. e4 b5 5. a4 b4 $1 {[%cal Rb4c3]} 6. Nce2 {D10: Slav Defence: 3 cxd5 (without early Nf3) and 3 Nc3} (6. Na2 Nf6 7. e5 Nd5 8. Bxc4 e6 9. Nf3 Be7 10. O-O O-O 11. Qe2 a5 12. Rd1 Ba6 13. b3 Nb6 14. Bxa6 Nxa6 15. Be3 Nd5 16. Rac1 Qd7 17. Nd2 {0-1 (67) Polak,T (2533)-Demidov,M (2556) Trnava 2019}) 6... Nf6 $146 ({Predecessor:} 6... e6 7. Nf3 Nf6 8. Ng3 {1-0 (23) Russell,A (2274)-Hague,B (2322) Wellington 2013}) 7. Ng3 $1 Ba6 8. Nf3 {White has an edge.} e6 9. Bg5 Qa5 10. Rc1 c3 (10... Nfd7 {looks sharper.} 11. h4 b3+ 12. Bd2 Qxa4 13. Ra1 Qb5) 11. Bxa6 Qxa6 ({Reject} 11... cxb2 $6 12. Bb7 $18) 12. bxc3 bxc3 13. Bxf6 gxf6 14. Ne2 c2 (14... Ba3 $11 {remains equal.} 15. Rc2 Nd7) 15. Qxc2 Bb4+ 16. Kf1 $1 c5 17. dxc5 Nc6 18. g3 O-O-O 19. Kg2 Rd3 20. Qb2 $1 {[%cal Rb2f6]} e5 21. Nc3 $1 {[%cal Rc3d5]} Bxc3 22. Rxc3 Rxc3 23. Qxc3 Qxa4 24. Qe3 (24. Nd2 $142 $1) 24... Rd8 $16 25. Re1 {And now Qh6 would win.} Nb4 {Threatens to win with ...Nc2.} 26. Rc1 Nc6 27. Nh4 Qd4 $2 ({Better is} 27... Nd4 $14) 28. Qf3 $1 $18 Qd3 {[#]} 29. Qf5+ $1 ({Less strong is} 29. Qxf6 Qxe4+ 30. Kh3 Qd5 $14) 29... Rd7 30. Qxh7 Kc7 31. Qf5 a5 (31... Nd4 $142 32. Qxf6 Qxe4+ 33. Nf3 Nxf3 34. Qxf3 Qxf3+ 35. Kxf3 f5) 32. Qxf6 (32. Nf3 $18 {is more deadly.}) 32... a4 $2 (32... Qxe4+ $16 {was called for.} 33. Nf3 Qg6) 33. Qf3 a3 34. Ra1 Qxf3+ 35. Nxf3 {[%mdl 4096] Endgame KRN-KRN} ({Worse is} 35. Kxf3 Rd3+ 36. Ke2 Rb3 $11) 35... Rd3 36. h4 Kd7 37. h5 {h6 is the strong threat.} Ke7 38. h6 {Strongly threatening h7.} Kf6 {Black hopes to continue with ...Kg6.} 39. h7 Kg7 {[#]} 40. Ng5 $1 {Black must now prevent Rh1.} Nd8 $2 {[#]} (40... Kh8 41. Nxf7+ Kxh7) 41. c6 $1 {[%mdl 64] Promotion. White is clearly winning.} Nxc6 42. Rh1 Rd8 {[#]} 43. Nxf7 $1 {[%mdl 576] Promotion. Accuracy: White = 70%, Black = 46%.} 1-0

[Event "88th UKR-ch 2019"]
[Site "Lutsk"]
[Date "2019.12.19"]
[Round "9.1"]
[White "Vysochin, Spartak"]
[Black "Volokitin, Andrei"]
[Result "1/2-1/2"]
[WhiteElo "2512"]
[BlackElo "2641"]
[Annotator "TA"]
[PlyCount "30"]
[EventDate "2019.12.10"]
[EventType "tourn"]
[EventCountry "UKR"]
[SourceTitle "playchess.com"]
[Source "ChessBase"]
[SourceQuality "1"]

{[%evp 9,30,0,3,2,23,21,15,16,18,12,30,23,25,18,31,35,29,32,28,26,38,35,33]} 1. e4 c5 2. Nf3 d6 3. Bb5+ Nd7 4. Ba4 Ngf6 5. O-O a6 {[#] Threatens to win with ...b5.} 6. c4 {B51: Sicilian: Moscow Variation (3 Bb5+) without 3...Bd7} g6 7. Nc3 Bg7 8. d3 {The position is equal.} O-O 9. h3 b6 10. Rb1 $146 ({Predecessor:} 10. Bg5 h6 11. Be3 Bb7 {1-0 (51) Navara,D (2738)-Grandelius,N (2682) Caleta 2019}) 10... Bb7 11. Bg5 h6 12. Be3 e6 13. Qd2 Kh7 14. b4 Qc7 15. Rfc1 Rab8 {Accuracy: White = 81%, Black = 64%.} 1/2-1/2

[Event "88th UKR-ch 2019"]
[Site "Lutsk"]
[Date "2019.12.19"]
[Round "9.2"]
[White "Bernadskiy, Vitaliy"]
[Black "Moiseenko, Alexander"]
[Result "1/2-1/2"]
[WhiteElo "2593"]
[BlackElo "2623"]
[Annotator "TA"]
[PlyCount "28"]
[EventDate "2019.12.10"]
[EventType "tourn"]
[EventCountry "UKR"]
[SourceTitle "playchess.com"]
[Source "ChessBase"]
[SourceQuality "1"]

{[%evp 9,28,-22,-10,-29,-24,-33,-26,-37,-38,-37,-41,-40,-40,-41,-42,-98,-111,-187,-187,-179,-184]} 1. e4 c5 2. Nf3 e6 3. b4 cxb4 4. a3 b6 (4... bxa3 5. d4 d5 6. e5 Nc6 7. c3 Bd7 8. Bd3 h6 9. Nfd2 b5 10. Nb3 b4 11. cxb4 a2 12. Nc3 Bxb4 13. Bd2 Nge7 14. O-O O-O 15. Nb5 Bxd2 16. Qxd2 {0-1 (68) Fernandez,D (2461)-Korneev,O (2560) Telford 2018}) 5. d4 Nf6 6. e5 {B40: Sicilian: 2...e6, Unusual lines} Nd5 7. axb4 Bxb4+ 8. Bd2 {Black has an edge.} Bxd2+ 9. Nbxd2 $146 ({Predecessor:} 9. Qxd2 d6 10. c4 Ne7 11. Bd3 Bb7 12. Qf4 dxe5 13. Nxe5 {0-1 (65) Pape,J (2245)-Novkovic,M (2400) Germany 1997}) 9... O-O 10. Ne4 a5 11. c4 Nb4 12. Ra3 ({White should play} 12. Nd6 $15) 12... Bb7 13. d5 (13. Nd6 $17 {keeps fighting.} Bxf3 14. Rxf3) 13... exd5 $19 14. Nd6 {[#]} Ba6 $1 1/2-1/2

[Event "88th UKR-ch 2019"]
[Site "Lutsk"]
[Date "2019.12.19"]
[Round "9.3"]
[White "Eljanov, Pavel"]
[Black "Kuzubov, Yuriy"]
[Result "1/2-1/2"]
[WhiteElo "2663"]
[BlackElo "2667"]
[Annotator "TA"]
[PlyCount "40"]
[EventDate "2019.12.10"]
[EventType "tourn"]
[EventCountry "UKR"]
[SourceTitle "playchess.com"]
[Source "ChessBase"]
[SourceQuality "1"]

{[%evp 23,37,20,16,22,20,20,13,9,9,7,10,8,11,0,8,0]} 1. d4 Nf6 2. c4 e6 3. Nf3 d5 4. g3 Be7 5. Bg2 O-O 6. O-O dxc4 7. Qc2 a6 8. a4 Bd7 9. Qxc4 Bc6 10. Bg5 Bd5 11. Qc2 Be4 12. Qc1 h6 {The position is equal.} 13. Bxf6 {E05: Open Catalan: 5 Nf3 Be7} Bxf6 14. Rd1 a5 15. Nc3 (15. Nbd2 Bxf3 16. Bxf3 c6 17. Nb3 Na6 18. h4 Qb6 19. Qc3 Rfd8 20. e3 Nb4 {½-½ (34) Rapport,R (2735)-Wang,H (2737) Danzhou 2019}) 15... Bxf3 16. Bxf3 c6 17. e3 Na6 18. Qc2 Nb4 19. Qe2 {[#]} {Predecessor:} Qb6 $146 20. Ne4 Be7 {½-½ (30) Wojtkiewicz,A (2536)-Shulman,Y (2551) Stillwater 2005} 1/2-1/2

[Event "88th UKR-ch 2019"]
[Site "Lutsk"]
[Date "2019.12.19"]
[Round "9.4"]
[White "Kryvoruchko, Yuriy"]
[Black "Kovchan, Alexander"]
[Result "1-0"]
[WhiteElo "2675"]
[BlackElo "2572"]
[Annotator "TA"]
[PlyCount "45"]
[EventDate "2019.12.10"]
[EventType "tourn"]
[EventCountry "UKR"]
[SourceTitle "playchess.com"]
[Source "ChessBase"]
[SourceQuality "1"]

{[%evp 12,67,17,2,7,12,19,10,33,9,19,20,42,6,16,8,0,0,25,29,32,25,89,103,192,181,167,127,133,104,165,-76,415,396,387,396,364,395,508,522,528,513,766,733,764,745,737,746,730,709,1078,1075,954,890,887,783,1455,1433]} 1. e4 c5 2. Nc3 d6 3. Nge2 Nf6 4. g3 g6 5. Bg2 Bg7 6. d3 Nc6 7. f4 Bd7 {B25: Closed Sicilian: 3 g3, lines without early Be3} (7... Rb8 8. h3 Nd7 9. O-O b5 10. e5 Nd4 11. exd6 exd6 12. Ne4 Nf6 13. Nxd4 cxd4 14. Nxf6+ Bxf6 15. f5 {½-½ (58) Jobava,B (2706)-Nepomniachtchi,I (2732) Loo 2014}) 8. h3 h5 9. Be3 Qc8 $146 {The position is equal.} ({Predecessor:} 9... e5 10. O-O Qc8 11. Nb5 Qb8 12. c3 a6 13. Na3 b5 14. fxe5 dxe5 15. Bxc5 {1-0 (38) Lombardo,M (2098)-Schiappoli,D (1775) Napoli 2016}) 10. Qd2 Rb8 11. a4 a6 12. Nd1 b5 13. axb5 axb5 14. Nf2 e5 15. c3 b4 16. O-O h4 (16... bxc3 $11 17. bxc3 Rb5) 17. g4 $16 exf4 (17... O-O $16) 18. Bxf4 $18 Ne5 19. d4 Nc4 20. Qe1 $36 {[%mdl 2048] Black must now prevent b3. White is in control.} bxc3 {[#]} (20... O-O $16) 21. e5 $2 ({White must play} 21. b3 $1 $18 {[%cal Rb3c4]} Nd2 22. Bxd6 Nxg4 23. hxg4 cxd4 24. e5) 21... cxb2 $2 {[%mdl 8192]} (21... dxe5 $17 {stays on course.} 22. dxe5 {[#]} Nxg4 $1 {[%mdl 512]} 23. Nxc3 Nxf2 24. Rxf2 O-O) 22. exf6 Bxf6 23. Rb1 {Played: Nf2-e4} 1-0

[Event "88th UKR-ch 2019"]
[Site "Lutsk"]
[Date "2019.12.19"]
[Round "9.5"]
[White "Golubka, Petro"]
[Black "Shtembuliak, Evgeny"]
[Result "0-1"]
[WhiteElo "2479"]
[BlackElo "2600"]
[Annotator "TA"]
[PlyCount "50"]
[EventDate "2019.12.10"]
[EventType "tourn"]
[EventCountry "UKR"]
[SourceTitle "playchess.com"]
[Source "ChessBase"]
[SourceQuality "1"]

{[%evp 16,66,16,-66,-68,-66,-72,-75,-78,-121,-119,-128,-131,-125,-152,-145,-132,-108,-28,-159,-16,-32,-41,-28,-51,-66,-95,-180,0,-571,-562,-538,-542,-531,-481,-643,-600,-515,-481,-1288,-530,-1115,-991,-1166,-1070,-29989,-5681,-29990,-29991,-29991,-29988,-29992,-29988]} 1. e4 e6 2. d4 d5 3. Nc3 Nf6 4. e5 Nfd7 5. f4 c5 6. Nf3 Nc6 7. Be3 Be7 8. Qd2 a6 9. O-O-O (9. dxc5 $11 Bxc5 10. O-O-O) 9... c4 $15 {C11: French: Classical System: 4 e5 and 4 Bg5 dxe4} 10. f5 b5 {[%cal Bb7b5,Bb5b4][%mdl 32]} 11. fxe6 fxe6 {Black is better.} 12. Kb1 $146 ({Predecessor:} 12. Bg5 b4 13. Ne2 O-O 14. Bxe7 Qxe7 15. Qg5 Nb6 {½-½ (15) Sabuk,P (2369)-Eingorn,V (2518) Odessa 2018}) 12... Nb6 $1 13. Ne2 b4 14. Qe1 O-O 15. h4 Rb8 $1 16. b3 Bd7 ({Black should try} 16... a5 $17) 17. Nf4 (17. Qg3 $1 $11) 17... Na7 (17... Na4 $1 $17 {[%cal Ra4c3] aiming for ...Nc3+.} 18. bxa4 Qa5) 18. Ng5 Rxf4 19. Bxf4 Nb5 20. Rh3 h6 21. Bd2 (21. Ka1 $17) 21... hxg5 $2 (21... Na4 $19 {...Nac3+ is the strong threat.} 22. bxa4 (22. Bxb4 $2 Bxb4 23. Qxb4 Nbc3+ {[%mdl 64] Discovered Attack} 24. Qxc3 Nxc3+ 25. Rxc3 hxg5 $19) 22... Na3+ {[%mdl 64] Discovered Attack} 23. Kc1 hxg5 24. Bxg5 Bxa4) 22. Bxb4 $2 {[%mdl 8192]} (22. hxg5 $11 {and White stays safe.} Bxg5 23. Bxb4) 22... g4 $19 23. Bxe7 Qxe7 24. Rg3 {If White can now play Ka1 this consolidates a bit.} Be8 25. Be2 Qa3 {Played: Be8-g6} 0-1